[Event "Titled Tuesday intern op 06th Feb Early"]
[Site "Chess.com INT"]
[Date "2024.02.06"]
[Round "2"]
[White "Sliwicki, Damian"]
[Black "Vanek, Tomas"]
[Result "0-1"]
[WhiteElo "2091"]
[BlackElo "2100"]
[PlyCount "58"]
[EventDate "2024.02.06"]
[EventType "swiss (blitz)"]
[EventRounds "11"]
[EventCountry "USA"]
[SourceTitle "CB07_2024"]
[SourceDate "2024.02.14"]
[SourceVersion "1"]
[SourceVersionDate "2024.02.14"]
[SourceQuality "1"]

1. c4 f5 2. e4 fxe4 3. d3 Nc6 4. dxe4 e5 5. Nf3 Nf6 6. Nc3 Bc5 7. Bg5 d6 8. Be2 0-0 9. 0-0 h6 10. Bh4 g5 11. Nxg5 hxg5 12. Bxg5 Qd7 13. Bxf6 Rxf6 14. Nd5 Rh6 15. h3 Qg7 16. Kh2 Nd4 17. Bh5 Qg5 18. f4 exf4 19. b4 f3 20. Bxf3 Qe5+ 21. Kh1 Bxh3 22. bxc5 Bxg2+ 23. Kg1 Qh2+ 24. Kf2 Bxf3+ 25. Ke3 Bxd1 26. Raxd1 Rh3+ 27. Kxd4 Qb2+ 28. Nc3 Qxc3+ 29. Kd5 Qe5# 0-1

[Event "Titled Tuesday intern op 06th Feb Early"]
[Site "Chess.com INT"]
[Date "2024.02.06"]
[Round "9"]
[White "Vanek, Tomas"]
[Black "Hungaski, Robert Andrew"]
[Result "0-1"]
[WhiteElo "2100"]
[BlackElo "2471"]
[PlyCount "56"]
[EventDate "2024.02.06"]
[EventType "swiss (blitz)"]
[EventRounds "11"]
[EventCountry "USA"]
[SourceTitle "CB07_2024"]
[SourceDate "2024.02.14"]
[SourceVersion "1"]
[SourceVersionDate "2024.02.14"]
[SourceQuality "1"]

1. e4 g6 2. d4 Bg7 3. c3 d6 4. Be2 Nd7 5. h4 h6 6. Be3 Ngf6 7. Nd2 e5 8. Qb3 a5 9. Nh3 0-0 10. g4 exd4 11. cxd4 Re8 12. Qc2 d5 13. e5 Ne4 14. Nxe4 dxe4 15. g5 h5 16. Qxe4 Nb6 17. Qc2 Bf5 18. Qc3 Nd5 19. Qa3 Nb4 20. Bd1 Qd5 21. Nf4 Qxh1+ 22. Ke2 Rad8 23. Bb3 Bg4+ 24. Kd2 Qf3 25. Qxa5 Nc6 26. Qxc7 Nxe5 27. Kc2 Rc8 28. Kb1 Rxc7 0-1

[Event "Titled Tuesday intern op 22nd Aug Late"]
[Site "Chess.com INT"]
[Date "2023.08.22"]
[Round "2"]
[White "Hajiyev, Kanan"]
[Black "Vanek, Tomas"]
[Result "1-0"]
[WhiteElo "2109"]
[BlackElo "2122"]
[PlyCount "99"]
[EventDate "2023.08.22"]
[EventType "swiss (blitz)"]
[EventRounds "11"]
[EventCountry "USA"]
[SourceTitle "EXT 2024"]
[Source "ChessBase"]
[SourceDate "2023.10.10"]
[SourceVersion "1"]
[SourceVersionDate "2023.10.10"]
[SourceQuality "1"]

1. d4 f5 2. Nf3 Nf6 3. g3 g6 4. Bg2 Bg7 5. 0-0 0-0 6. b3 c5 7. Bb2 Ne4 8. Nbd2 Nc6 9. e3 d5 10. Rb1 cxd4 11. Nxe4 dxe4 12. Nxd4 Nxd4 13. Bxd4 Bxd4 14. Qxd4 Qxd4 15. exd4 Rd8 16. Rfd1 b6 17. f3 Bb7 18. fxe4 fxe4 19. c4 e6 20. Rb2 Rd6 21. Re2 Rad8 22. Bxe4 Bxe4 23. Rxe4 Kf7 24. Kf2 e5 25. d5 Rf6+ 26. Ke3 Re8 27. Rd2 Rf1 28. Rf2+ Rxf2 29. Kxf2 Kf6 30. g4 Kg5 31. Kg3 h6 32. h4+ Kf6 33. Kf3 g5 34. h5 Rf8 35. Ke3 Re8 36. b4 Re7 37. Kd3 Re8 38. c5 b5 39. a4 Rd8 40. axb5 Rxd5+ 41. Kc4 Rd1 42. c6 Ke6 43. b6 axb6 44. Kb5 Kd5 45. Re2 Rc1 46. Rd2+ Ke6 47. Kxb6 Rc4 48. b5 Rxg4 49. Rc2 Rg2 50. Rxg2 1-0

[Event "Titled Tuesday intern op 18th Jul Late"]
[Site "Chess.com INT"]
[Date "2023.07.18"]
[Round "2"]
[White "Vanek, Tomas"]
[Black "Rios Escobar, Adan"]
[Result "0-1"]
[WhiteElo "2122"]
[BlackElo "2234"]
[PlyCount "100"]
[EventDate "2023.07.18"]
[EventType "swiss (blitz)"]
[EventRounds "11"]
[EventCountry "USA"]
[SourceTitle "EXT 2024"]
[Source "ChessBase"]
[SourceDate "2023.10.10"]
[SourceVersion "1"]
[SourceVersionDate "2023.10.10"]
[SourceQuality "1"]

1. d4 Nf6 2. Bf4 b6 3. c4 g6 4. Nc3 Bg7 5. e4 d6 6. Be2 c5 7. e5 dxe5 8. dxe5 Qxd1+ 9. Rxd1 Nh5 10. Be3 Bb7 11. Bf3 Bxf3 12. Nxf3 f5 13. exf6 Nxf6 14. 0-0 0-0 15. Rfe1 Nc6 16. Bf4 Rad8 17. Nd5 Nxd5 18. cxd5 Nd4 19. Nxd4 Bxd4 20. Bc1 Bxf2+ 21. Kh1 Bxe1 22. Rxe1 Rxd5 23. h3 Re8 24. Kh2 e5 25. Rf1 e4 26. Re1 Rd3 27. h4 e3 28. Kg3 e2+ 29. Kf2 Rd1 30. Bg5 Rxe1 31. Kxe1 Re4 32. Bf6 Kf7 33. Bc3 Ke6 34. g3 Kf5 35. Kf2 Kg4 36. Ke1 Kf3 37. Bd2 Kxg3 38. h5 Kf3 39. hxg6 hxg6 40. Bc3 g5 41. Kd2 g4 42. Ke1 g3 43. Kd2 e1Q+ 44. Kc2 Qe2+ 45. Kb3 g2 46. a3 Qb5+ 47. Ka2 Qc4+ 48. b3 Re2+ 49. Kb1 Qxc3 50. b4 Qb2# 0-1

[Event "Titled Tuesday intern op 18th Jul Late"]
[Site "Chess.com INT"]
[Date "2023.07.18"]
[Round "6"]
[White "Vanek, Tomas"]
[Black "Slovineanu, Viacheslav"]
[Result "1/2-1/2"]
[WhiteElo "2122"]
[BlackElo "2412"]
[PlyCount "148"]
[EventDate "2023.07.18"]
[EventType "swiss (blitz)"]
[EventRounds "11"]
[EventCountry "USA"]
[SourceTitle "EXT 2024"]
[Source "ChessBase"]
[SourceDate "2023.10.10"]
[SourceVersion "1"]
[SourceVersionDate "2023.10.10"]
[SourceQuality "1"]

1. d3 d5 2. g3 e5 3. Bg2 Nf6 4. c4 c6 5. cxd5 cxd5 6. Bg5 Nbd7 7. Qd2 h6 8. Bxf6 Nxf6 9. Nf3 Bd6 10. Nh4 0-0 11. e4 dxe4 12. dxe4 Bc5 13. 0-0 Qxd2 14. Nxd2 Bd4 15. Nc4 Be6 16. Rac1 b5 17. Nd6 a6 18. b3 g6 19. Nf3 Rfd8 20. Nxd4 Rxd6 21. Nxe6 Rxe6 22. Rfd1 Ra7 23. f3 Ree7 24. Bh3 Rec7 25. Kf2 Kg7 26. Ke3 b4 27. Bf1 a5 28. Bb5 Kf8 29. Rd8+ Ke7 30. Rdd1 Ne8 31. Rxc7+ Rxc7 32. Rd5 f6 33. Bc4 Nd6 34. Rxa5 Nxc4+ 35. bxc4 Rxc4 36. Ra7+ Ke6 37. Ra6+ Ke7 38. Ra7+ Kd6 39. Ra6+ Rc6 40. Rxc6+ Kxc6 41. Kd3 Kb5 42. h3 Ka4 43. Kc4 Ka3 44. h4 h5 45. g4 Kxa2 46. Kxb4 Kb2 47. Kc5 Kc3 48. Kd5 Kd3 49. Ke6 Ke3 50. Kxf6 Kxf3 51. gxh5 gxh5 52. Kxe5 Kg4 53. Kd6 Kxh4 54. e5 Kg3 55. e6 h4 56. e7 h3 57. e8Q h2 58. Qe1+ Kg2 59. Qe2+ Kg1 60. Qe1+ Kg2 61. Qe4+ Kg1 62. Qg4+ Kh1 63. Qf3+ Kg1 64. Qg3+ Kh1 65. Qh3 Kg1 66. Qe3+ Kg2 67. Qe4+ Kg1 68. Qg4+ Kh1 69. Qf4 Kg1 70. Qc1+ Kg2 71. Qc6+ Kg1 72. Qc1+ Kg2 73. Qd2+ Kg1 74. Qe1+ Kg2 1/2-1/2

[Event "Titled Tuesday intern op 18th Apr Early"]
[Site "Chess.com INT"]
[Date "2023.04.18"]
[Round "4"]
[White "Devaev, Alexander"]
[Black "Vanek, Tomas"]
[Result "1-0"]
[WhiteElo "2325"]
[BlackElo "2122"]
[PlyCount "105"]
[EventDate "2023.04.18"]
[EventType "swiss (blitz)"]
[EventRounds "11"]
[EventCountry "USA"]
[SourceTitle "EXT 2024"]
[Source "ChessBase"]
[SourceDate "2023.10.10"]
[SourceVersion "1"]
[SourceVersionDate "2023.10.10"]
[SourceQuality "1"]

1. Nf3 d6 2. d4 f5 3. Nc3 Nf6 4. Bg5 Ne4 5. Nxe4 fxe4 6. Nd2 Bf5 7. g4 Bg6 8. h4 h6 9. Be3 e6 10. Bg2 d5 11. Nf1 Bd6 12. Qd2 Nd7 13. f3 Nb6 14. b3 Qe7 15. f4 a5 16. Ng3 a4 17. Kf2 0-0 18. Rac1 Ba3 19. Rcf1 axb3 20. axb3 Bb4 21. Qd1 Ra2 22. Kg1 Bc3 23. f5 exf5 24. gxf5 Be8 25. Bc1 Qf6 26. e3 Bb5 27. Rf2 Ra1 28. Bf1 Bxf1 29. Qxf1 Rfa8 30. Kg2 Rxc1 31. Qxc1 Ra1 32. Qxa1 Bxa1 33. Rxa1 Qxh4 34. Rg1 Qg5 35. Rf4 Nc8 36. Kf2 Nd6 37. Rg2 b6 38. Kg1 Qd8 39. f6 g5 40. Rff2 Nf7 41. Nf5 Qd7 42. Nxh6+ Nxh6 43. Rxg5+ Kf8 44. Rg6 Ng4 45. Rg2 Nxf6 46. Rxf6+ Ke8 47. Rg8+ Ke7 48. Rg7+ Kxf6 49. Rxd7 c5 50. Rd6+ Ke7 51. dxc5 bxc5 52. Rxd5 Ke6 53. c4 1-0

[Event "Titled Tuesday intern op 18th Apr Late"]
[Site "Chess.com INT"]
[Date "2023.04.18"]
[Round "7"]
[White "Ng, Gary"]
[Black "Vanek, Tomas"]
[Result "1-0"]
[WhiteElo "2213"]
[BlackElo "2122"]
[PlyCount "57"]
[EventDate "2023.04.18"]
[EventType "swiss (blitz)"]
[EventRounds "11"]
[EventCountry "USA"]
[SourceTitle "EXT 2024"]
[Source "ChessBase"]
[SourceDate "2023.10.10"]
[SourceVersion "1"]
[SourceVersionDate "2023.10.10"]
[SourceQuality "1"]

1. d4 f5 2. g3 Nf6 3. Bg2 g6 4. Nh3 Bg7 5. 0-0 0-0 6. c4 d6 7. Nc3 c6 8. e4 fxe4 9. Nxe4 Nxe4 10. Bxe4 Bxh3 11. Re1 e5 12. Qb3 Qf6 13. f3 Qf7 14. dxe5 dxe5 15. Be3 Be6 16. Rac1 Nd7 17. Qxb7 Rfc8 18. Bxc6 Rab8 19. Qa6 Rxb2 20. Qxc8+ Bf8 21. Bh6 Rb8 22. Qc7 Bxh6 23. Bxd7 Rb2 24. Qc8+ Kg7 25. Bxe6 Qxf3 26. Qg8+ Kf6 27. Qf7+ Kg5 28. Qxf3 Rxa2 29. h4# 1-0

[Event "Titled Tuesday intern op 7th Mar Late"]
[Site "Chess.com INT"]
[Date "2023.03.07"]
[Round "2"]
[White "Ramirez, Vido Robert"]
[Black "Vanek, Tomas"]
[Result "1/2-1/2"]
[WhiteElo "2023"]
[BlackElo "2116"]
[PlyCount "86"]
[EventDate "2023.03.07"]
[EventType "swiss (blitz)"]
[EventRounds "11"]
[EventCountry "USA"]
[SourceTitle "EXT 2024"]
[Source "ChessBase"]
[SourceDate "2023.10.10"]
[SourceVersion "1"]
[SourceVersionDate "2023.10.10"]
[SourceQuality "1"]

1. Nf3 d6 2. e4 c5 3. d3 Nc6 4. g3 g6 5. Bg2 Bg7 6. 0-0 e5 7. c3 f6 8. a3 Nh6 9. b4 Nf7 10. Be3 b6 11. d4 cxd4 12. cxd4 0-0 13. Nc3 exd4 14. Nxd4 Nxd4 15. Bxd4 Be6 16. Qd2 Ne5 17. Rfd1 Bb3 18. Rdb1 Be6 19. f4 Nc4 20. Qf2 Rc8 21. Rd1 Qe7 22. f5 Bf7 23. fxg6 hxg6 24. Nd5 Bxd5 25. exd5 f5 26. Re1 Qf7 27. Re6 Be5 28. Re1 Rce8 29. Bxe5 Nxe5 30. Qd4 Rxe6 31. dxe6 Qf6 32. Qxd6 Ng4 33. h3 Rd8 34. Qxd8+ Qxd8 35. hxg4 Qd4+ 36. Kh2 Qh8+ 37. Kg1 Qd4+ 38. Kf1 Qd3+ 39. Re2 Qd1+ 40. Kf2 Qd4+ 41. Kf1 Qd1+ 42. Re1 Qd3+ 43. Kg1 Qd4+ 1/2-1/2

[Event "Titled Tuesday intern op 7th Mar Early"]
[Site "Chess.com INT"]
[Date "2023.03.07"]
[Round "6"]
[White "Vanek, Tomas"]
[Black "Zherebtsova, Alexandra"]
[Result "0-1"]
[WhiteElo "2116"]
[BlackElo "2155"]
[PlyCount "140"]
[EventDate "2023.03.07"]
[EventType "swiss (blitz)"]
[EventRounds "11"]
[EventCountry "USA"]
[SourceTitle "EXT 2024"]
[Source "ChessBase"]
[SourceDate "2023.10.10"]
[SourceVersion "1"]
[SourceVersionDate "2023.10.10"]
[SourceQuality "1"]

1. d4 Nf6 2. Bg5 d5 3. f3 Bf5 4. e3 h6 5. Bh4 Nbd7 6. Bd3 Bxd3 7. Qxd3 e6 8. e4 Be7 9. Nd2 c5 10. c3 Qb6 11. 0-0-0 0-0-0 12. e5 Ng8 13. Bg3 Kb8 14. h4 h5 15. Nh3 Nh6 16. Ng5 Bxg5 17. hxg5 Nf5 18. Bf2 cxd4 19. Nb3 Rc8 20. Nxd4 Nxd4 21. Bxd4 Qa5 22. Kb1 Rc4 23. b3 Rc6 24. g6 fxg6 25. Qxg6 Ra6 26. Rd2 Rc8 27. Qxg7 Nc5 28. Bxc5 Qxc5 29. Rc2 Qe3 30. Rhc1 Rb6 31. Qd7 a5 32. Qa4 Rc5 33. Qd4 Qxd4 34. cxd4 Rxc2 35. Rxc2 Rb4 36. Rd2 Kc7 37. Kb2 Kd7 38. g4 hxg4 39. fxg4 Ke7 40. Kc3 Kf7 41. Kd3 Rb6 42. Rf2+ Kg7 43. Rf6 Kg8 44. g5 Kg7 45. Kc3 Rc6+ 46. Kb2 b5 47. a3 b4 48. axb4 axb4 49. Kb1 Rb6 50. Kc2 Rc6+ 51. Kb2 Rb6 52. g6 Rc6 53. Rf7+ Kxg6 54. Rb7 Kf5 55. Rxb4 Ke4 56. Ra4 Kd3 57. b4 Rb6 58. Kb3 Kxd4 59. Ra1 Kxe5 60. Ka4 Kd6 61. Rc1 e5 62. Ka5 Rb8 63. b5 e4 64. b6 Ke5 65. Kb5 d4 66. Kc6 Rc8+ 67. Kd7 Rxc1 68. b7 Rb1 69. Kc6 e3 70. b8Q+ Rxb8 0-1

[Event "Titled Tuesday intern op 28th Feb Late"]
[Site "Chess.com INT"]
[Date "2023.02.28"]
[Round "5"]
[White "Gabr, Mohsen"]
[Black "Vanek, Tomas"]
[Result "1-0"]
[WhiteElo "2208"]
[BlackElo "2098"]
[PlyCount "71"]
[EventDate "2023.02.28"]
[EventType "swiss (blitz)"]
[EventRounds "11"]
[EventCountry "USA"]
[SourceTitle "CBM 213 Extra"]
[Source "ChessBase"]
[SourceDate "2023.05.31"]
[SourceVersion "1"]
[SourceVersionDate "2023.05.31"]
[SourceQuality "1"]

1. h4 d5 2. h5 h6 3. b3 e5 4. Bb2 Bd6 5. Nf3 Qe7 6. e3 Nf6 7. d4 Nbd7 8. c4 c6 9. Nc3 0-0 10. Qc2 exd4 11. Nxd4 Nc5 12. 0-0-0 a6 13. Nf5 Bxf5 14. Qxf5 b5 15. cxd5 b4 16. Ne2 Nce4 17. f3 Nc3 18. Nxc3 Qxe3+ 19. Kb1 bxc3 20. Bc1 Qf2 21. dxc6 Rad8 22. Qc2 Qc5 23. Bxa6 Nd5 24. a3 Ra8 25. Bc4 Qxc4 26. bxc4 Rfb8+ 27. Ka1 Bxa3 28. Bxa3 Rxa3+ 29. Qa2 Rxa2+ 30. Kxa2 Nb4+ 31. Ka3 Nc2+ 32. Ka4 Ne3 33. c7 Rc8 34. Rd8+ Rxd8 35. cxd8Q+ Kh7 36. Qd3+ 1-0

[Event "Titled Tuesday intern op 28th Feb Late"]
[Site "Chess.com INT"]
[Date "2023.02.28"]
[Round "6"]
[White "Guerb, Leonid"]
[Black "Vanek, Tomas"]
[Result "1-0"]
[WhiteElo "2295"]
[BlackElo "2098"]
[PlyCount "117"]
[EventDate "2023.02.28"]
[EventType "swiss (blitz)"]
[EventRounds "11"]
[EventCountry "USA"]
[SourceTitle "CBM 213 Extra"]
[Source "ChessBase"]
[SourceDate "2023.05.31"]
[SourceVersion "1"]
[SourceVersionDate "2023.05.31"]
[SourceQuality "1"]

1. Nf3 d6 2. g3 f5 3. c4 e5 4. d3 Nf6 5. Bg2 Be6 6. Nc3 c6 7. b4 h6 8. b5 g5 9. Qa4 Qd7 10. bxc6 Nxc6 11. Rb1 Rc8 12. 0-0 Be7 13. Ba3 Kf7 14. Nd2 Nd4 15. Qxd7 Nxd7 16. Rxb7 f4 17. e3 Nc2 18. Rxa7 Nxa3 19. Rxa3 Nc5 20. Nd5 Ra8 21. Rxa8 Rxa8 22. Nxe7 Rxa2 23. exf4 Kxe7 24. Ne4 gxf4 25. Nxc5 dxc5 26. Re1 fxg3 27. hxg3 Kf6 28. Be4 Bg4 29. Rb1 Ra6 30. Rb5 Ra1+ 31. Kg2 Be2 32. Rxc5 Bf1+ 33. Kh2 Rd1 34. Rc6+ Kg5 35. Rg6+ Kh5 36. Re6 Bxd3 37. Bf3+ Kg5 38. Bxd1 Kf5 39. Rxh6 Bxc4 40. Rh4 Kg5 41. Rxc4 e4 42. Be2 e3 43. fxe3 Kg6 44. Bf3 Kg5 45. g4 Kf6 46. Kg3 Kg6 47. Rc5 Kh7 48. Rd5 Kh6 49. Kf4 Kg6 50. g5 Kf7 51. Rd6 Kg7 52. Rf6 Kh7 53. e4 Kg7 54. e5 Kg8 55. e6 Kg7 56. e7 Kg8 57. e8Q+ Kg7 58. Qe7+ Kh8 59. Rf8# 1-0

[Event "Titled Tuesday intern op 28th Feb Late"]
[Site "Chess.com INT"]
[Date "2023.02.28"]
[Round "1"]
[White "Kokoszczynski, Jan"]
[Black "Vanek, Tomas"]
[Result "0-1"]
[WhiteElo "2274"]
[BlackElo "2098"]
[PlyCount "66"]
[EventDate "2023.02.28"]
[EventType "swiss (blitz)"]
[EventRounds "11"]
[EventCountry "USA"]
[SourceTitle "CBM 213 Extra"]
[Source "ChessBase"]
[SourceDate "2023.05.31"]
[SourceVersion "1"]
[SourceVersionDate "2023.05.31"]
[SourceQuality "1"]

1. e4 c5 2. Nf3 Nc6 3. d4 cxd4 4. Nxd4 Nf6 5. Nc3 e5 6. Ndb5 d6 7. Nd5 Nxd5 8. exd5 Nb8 9. Qf3 Be7 10. Bd2 0-0 11. Be2 a6 12. Qa3 Bf5 13. c4 Nc6 14. dxc6 axb5 15. Qf3 Bg6 16. cxb7 Rb8 17. cxb5 e4 18. Qb3 Rxb7 19. 0-0 d5 20. a4 d4 21. Bc4 Bc5 22. a5 e3 23. Bb4 Qe7 24. Bxc5 Qxc5 25. a6 Rc7 26. Rac1 e2 27. Bxe2 Qxc1 28. b6 Qc2 29. Qa3 Rd7 30. a7 Rdd8 31. b7 Qxe2 32. a8Q Bd3 33. Ra1 Rde8 0-1

[Event "Titled Tuesday intern op 28th Feb Late"]
[Site "Chess.com INT"]
[Date "2023.02.28"]
[Round "3"]
[White "Vanek, Tomas"]
[Black "Principe, Gerson"]
[Result "0-1"]
[WhiteElo "2098"]
[BlackElo "2226"]
[PlyCount "194"]
[EventDate "2023.02.28"]
[EventType "swiss (blitz)"]
[EventRounds "11"]
[EventCountry "USA"]
[SourceTitle "CBM 213 Extra"]
[Source "ChessBase"]
[SourceDate "2023.05.31"]
[SourceVersion "1"]
[SourceVersionDate "2023.05.31"]
[SourceQuality "1"]

1. g3 Nf6 2. c4 c6 3. Bg2 d5 4. d4 e6 5. Nf3 Nbd7 6. 0-0 Be7 7. Nbd2 0-0 8. Qc2 b5 9. c5 e5 10. dxe5 Ng4 11. Nd4 Bb7 12. e6 Nxc5 13. exf7+ Rxf7 14. b4 Na4 15. Bh3 Bf6 16. N2b3 Bxd4 17. Nxd4 Qf6 18. e3 h5 19. f3 Ne5 20. Be6 Nc4 21. Qf5 Qxf5 22. Nxf5 Raf8 23. e4 Kh7 24. Bxf7 Rxf7 25. Bf4 Nc3 26. Kg2 dxe4 27. Nd6 Nxd6 28. Bxd6 e3 29. Bc5 Nd5 30. Rfe1 Bc8 31. a4 a6 32. axb5 axb5 33. Ra8 Bf5 34. Bxe3 Bd3 35. Bc5 Bc4 36. Rf8 Rd7 37. Rc8 Nf6 38. Rxc6 Rd2+ 39. Kg1 Bd5 40. Rd6 Rc2 41. Rxd5 Nxd5 42. Re5 Nc3 43. Rxh5+ Kg6 44. Re5 Ne2+ 45. Kg2 Nf4+ 46. Kf1 Nd3 47. Rd5 Nb2 48. Rd6+ Kh7 49. Bd4 Nc4 50. Rd7 Rxh2 51. Rxg7+ Kh6 52. g4 Rd2 53. Bf6 Rd6 54. g5+ Kh5 55. Rh7+ Kg6 56. Rh6+ Kf5 57. Bc3 Rd3 58. Rc6 Rxc3 59. Rc5+ Kg6 60. Rxb5 Rxf3+ 61. Kg2 Rb3 62. Rc5 Ne3+ 63. Kf2 Nf5 64. Rc6+ Kxg5 65. Rb6 Kf4 66. Kg2 Ne3+ 67. Kf2 Rb2+ 68. Ke1 Kf3 69. Rf6+ Ke4 70. Re6+ Kd4 71. Re8 Rxb4 72. Ke2 Rb2+ 73. Kf3 Nd5 74. Rd8 Rb3+ 75. Kf2 Rh3 76. Kg2 Rd3 77. Kf2 Kc3 78. Rc8+ Kd2 79. Kg2 Ne3+ 80. Kf3 Nc2+ 81. Ke4 Re3+ 82. Kd5 Rd3+ 83. Ke6 Ne3 84. Rc7 Ke2 85. Rd7 Rc3 86. Kf6 Rc5 87. Ke7 Rc6 88. Ke8 Kf3 89. Rf7+ Ke4 90. Re7+ Kd4 91. Rd7+ Nd5 92. Rh7 Ke5 93. Rh5+ Kd4 94. Rh4+ Kc5 95. Rh1 Rg6 96. Rd1 Kd6 97. Kd8 Rg8# 0-1

[Event "CZE-chT2A 2223"]
[Site "Czech Republic"]
[Date "2022.12.18"]
[Round "5.4"]
[White "Trmal, Jaroslav"]
[Black "Vanek, Tomas"]
[Result "1/2-1/2"]
[WhiteElo "2077"]
[BlackElo "2082"]
[PlyCount "84"]
[EventDate "2022.10.16"]
[EventType "team-tourn"]
[EventRounds "11"]
[EventCountry "CZE"]
[SourceTitle "EXT 2024"]
[Source "ChessBase"]
[SourceDate "2023.10.10"]
[SourceVersion "1"]
[SourceVersionDate "2023.10.10"]
[SourceQuality "1"]
[WhiteTeam "Pribram"]
[BlackTeam "Unichess"]
[WhiteTeamCountry "CZE"]
[BlackTeamCountry "CZE"]

1. d4 f5 2. c4 Nf6 3. Nc3 e6 4. Nf3 b6 5. g3 Bb7 6. Bg2 Bb4 7. Bd2 Qe7 8. 0-0 0-0 9. Rc1 Bxc3 10. Bxc3 Ne4 11. Qc2 Nxc3 12. Qxc3 d6 13. c5 Nc6 14. b4 b5 15. a4 a6 16. Ra1 bxa4 17. Rxa4 Na7 18. Qe3 Rae8 19. Nh4 f4 20. Qd3 Bc8 21. cxd6 cxd6 22. Be4 g5 23. Ng2 d5 24. Bf3 Nb5 25. e3 Qg7 26. Bh5 Re7 27. Rc1 fxg3 28. fxg3 Nd6 29. Ra2 Nc4 30. Rf1 Rxf1+ 31. Kxf1 e5 32. e4 exd4 33. exd5 Ne3+ 34. Kg1 Nxg2 35. Kxg2 Bb7 36. Bf3 g4 37. Be4 Qe5 38. Re2 Bxd5 39. Bxd5+ Qxd5+ 40. Kg1 Rxe2 41. Qxe2 Qg5 42. Qe8+ Kg7 1/2-1/2